Croma : caminho de vida /

Uloženo v:
Podrobná bibliografie
Hlavní autor: Castro, Regis (autor)
Médium: Kniha
Jazyk:portugalština
Vydáno: São Paulo, Brasil : Raboni, 1994
Vydání:20a edición
Témata:
Tagy: Přidat tag
Žádné tagy, Buďte první, kdo vytvoří štítek k tomuto záznamu!

MARC

LEADER 00000nam^a2200000^a^4500
001 000048648
005 20250521000000.0
009 20260526115235.068
020 |a 85-85592-36-2 
037 |a Acervo ITESO - Biblioteca 
041 |a POR 
082 |a 869.  |b CAS 
100 |a Castro, Regis  |e (autor) 
245 1 0 |a Croma :  |b caminho de vida /  |c R. Castro. 
250 |a 20a edición 
264 1 |a São Paulo, Brasil :  |b Raboni,  |c 1994 
300 |a 148 p. 
336 |a texto  |b txt  |2 rdacontenido 
337 |a sin mediación  |b n  |2 rdamedio 
338 |a volumen  |b nc  |2 rdasoporte 
649 |a XX 
650 |a Novela Brasileña 
650 |a Literatura Brasileña -  |y Siglo XX 
910 |a Fondo General 
920 |a Impresos - Libros 
930 |a Colección General 
940 |a Literatura 
905 |a 101 
901 |a 0500004495  |b IT1  |c LIT  |u 20250521 
902 |a https://opac.biblio.iteso.mx/vufind/Record/000048648